00973 a2200241 4500952013600000999001500136022001200151050002300163100002700186110003400213245018300247264004600430300001100476500004900487650003000536650001900566651001800585700002400603700002700627700002500654710001700679942003500696 00102Library Of40708NFICaLLbLLcGENd2021-09-15l0oKTL19.A35 SOU 1970p006055r2021-09-15 00:00:00tc.1w2021-09-15ySERIALS c9798d9798 Ino issn00aKTL19.A35 SOU 1970 aDuncan, Graemeeeditor aSupreme Court of South Africa04aSouth African law reports 1970(4) Dec : bDecisions of the Supreme Court of South Africa, South-West Africa division, High court of Rhodesia /cGraeme Duncan, M. Barnett ...et al aSouth Africa:bJuta and Company LTDc1970 a260p.: aIncludes bibliographical reference and index 0aLaw reports, digests, etc 0aTable of cases 7aSouth Africa.1 aBarnett, M.eeditor1 aBuchanan, J.L.eeditor1 aFisher, D.S.eeditor1 aSouth Africa 2lcccSERIALSh19.A35iSOUkKTL